[Event "Haifa"]
[Site "Haifa"]
[Date "1995.??.??"]
[Round "6"]
[White "Dolmatov, Sergey"]
[Black "Milov, Vadim"]
[Result "1-0"]
[WhiteElo "2605"]
[BlackElo "2580"]

1.e4 c5 2.Nf3 Nc6 3.c3 Nf6 4.e5 Nd5 5.Bc4 e6 6.d4 d6 7.O-O cxd4 8.cxd4 Be7
9.Qe2 Nb6 10.Bb3 d5 11.Nc3 Bd7 12.Bf4 a6 13.Rac1 Rc8 14.Rfd1 Na5 15.Bc2 g5
16.Be3 Nac4 17.Bd3 g4 18.Ne1 Nxe3 19.fxe3 Bg5 20.g3 f5 21.exf6 Qxf6 22.Ng2 e5
23.Rf1 Qe7 24.dxe5 Qxe5 25.Rcd1 Rc5 26.Qf2 Kd8 27.e4 dxe4 28.Bxe4 Kc7 29.Rfe1 Kb8
30.Nd5 Rxd5 31.Bxd5 Qc7 32.Be4 Bb5 33.b3 Nd7 34.a4 Rf8 35.Rxd7  1-0

[Event "Haifa"]
[Site "Haifa"]
[Date "1995.??.??"]
[Round "7"]
[White "Milov, Vadim"]
[Black "Psakhis, Lev"]
[Result "0-1"]
[WhiteElo "2580"]
[BlackElo "2625"]

1.d4 Nf6 2.c4 e6 3.Nc3 Bb4 4.e3 O-O 5.Bd3 d5 6.a3 Bxc3+ 7.bxc3 dxc4 8.Bxc4 c5
9.Ne2 Nc6 10.Ng3 e5 11.d5 Na5 12.Ba2 Ne8 13.e4 Nd6 14.O-O f6 15.f4 Bd7 16.f5 Bb5
17.Rf2 Bc4 18.Qg4 Bxa2 19.Raxa2 Rf7 20.Nh5 Kf8 21.Rf3 Nac4 22.Rg3 Qb6 23.Re2 Ke7
24.Re1 Rg8 25.Qe2 Qb3 26.Bh6 Ne8 27.Qd3 Ncd6 28.Bc1 Qc4 29.Qc2 g6 30.Qd1 Rff8
31.fxg6 hxg6 32.Qg4 f5 33.Qg5+ Kd7 34.Qh6 Nxe4 35.Rxg6 Qxc3 36.Rd1 Rh8 37.Rg7+ Nxg7
38.Qxg7+ Kc8 39.d6 Nxd6 40.Nf6 Nf7 41.Nd5 Qb3 42.Ne7+ Kb8 43.Rf1 f4 44.Qg4 Qc2
45.Bxf4 exf4 46.Qxf4+ Ka8 47.Nd5 a6  0-1

[Event "Haifa"]
[Site "Haifa"]
[Date "1995.??.??"]
[Round "8"]
[White "Milov, Vadim"]
[Black "Kosashvili, Yona"]
[Result "1/2-1/2"]
[WhiteElo "2580"]
[BlackElo "2560"]

1.d4 f5 2.g3 Nf6 3.Bg2 g6 4.Nf3 Bg7 5.O-O O-O 6.b3 c5 7.Bb2 cxd4 8.Nxd4 d5
9.Nf3 Nc6 10.e3 Re8 11.c4 dxc4 12.bxc4 Qxd1 13.Rxd1 e5 14.Na3 a6 15.c5 Nd7
16.Rac1 e4 17.Nd4 Nb4 18.Bf1 Ne5 19.Nc4 Nbd3 20.Bxd3 Nxd3 21.Rc2 Bd7 22.Nb6 Rad8
23.Ba1 Bc6 24.Rb1 Ne5 25.Nxc6 Nf3+ 26.Kg2 bxc6 27.Bxg7 Kxg7 28.Nc4 Rd5 29.Na5 Red8
30.Nxc6 Rc8 31.Nd4 Nxd4 32.exd4 Rxd4 33.Rb7+ Kf6 34.Rb6+ Ke5 35.Rxa6 Rd5
36.c6 Rc7 37.Rb6 Ra5 38.Rb7 Kd6 39.Rxc7 Kxc7 40.f3 exf3+ 41.Kxf3 Ra4 42.Ke3 Re4+
43.Kd3 Ra4 44.Ke3 Re4+ 45.Kf3 Ra4 46.h4 Ra3+ 47.Kf4 Ra4+ 48.Ke5 Rg4 49.Rc3 f4
50.gxf4 Rxh4 51.a3 Rh5+ 52.Ke4 Ra5 53.Rh3 Kxc6 54.Rxh7 Kd6 55.Rg7 Ra4+ 56.Kf3 Ke6
57.Rxg6+ Kf5 58.Rg5+ Kf6 59.Kg4 Rxa3 60.Rb5 Ra6 61.Rh5 Kg6 62.f5+ Kg7 63.Kg5 Kg8
64.Rh3 Kf8 65.Rc3 Rb6 66.Rc7 Ra6 67.Rd7 Rb6  1/2-1/2

[Event "Haifa"]
[Site "Haifa"]
[Date "1995.??.??"]
[Round "10"]
[White "Milov, Vadim"]
[Black "Smirin, Ilia"]
[Result "0-1"]
[WhiteElo "2580"]
[BlackElo "2630"]

1.d4 Nf6 2.c4 g6 3.Nc3 Bg7 4.e4 d6 5.Be2 O-O 6.Bg5 Na6 7.Nf3 h6 8.Bf4 e5
9.dxe5 Nh5 10.Be3 dxe5 11.O-O c6 12.Qxd8 Rxd8 13.Rfd1 Re8 14.g3 Nf6 15.Nd2 Ng4
16.Bxg4 Bxg4 17.f3 Be6 18.b3 Nb4 19.Rac1 f5 20.Nf1 Bf8 21.Rd2 Na6 22.Kg2 h5
23.Rcd1 Bb4 24.Rd3 Rf8 25.Bh6 Rfe8 26.Be3 Kh7 27.Bf2 Rf8 28.exf5 gxf5 29.Re3 Rae8
30.Be1 Bc8 31.Na4 f4 32.Re2 Ba3 33.Nc3 Bf5 34.Bf2 Bc5 35.Bxc5 Nxc5 36.Nd2 Bd3
37.Rf2 h4 38.g4 Rd8 39.Re1 Rfe8 40.b4 Na6 41.a3 Kg6 42.Nce4 b6 43.Rc1 c5
44.bxc5 Nxc5 45.Nxc5 bxc5 46.Rc3 Kg5 47.Rb3 Re7 48.Rb5 Rc7 49.Nb3 Bxc4 50.Rxc5 h3+
51.Kxh3 Rh7+ 52.Kg2 Bxb3 53.Rxe5+ Kg6 54.Rf5 Rd4 55.Ra5 Bd5 56.Ra6+ Kg5 57.Re2 Rd3
58.Re5+ Kh4 59.Rf6 Bxf3+ 60.Kf2 Bxg4 61.Rxf4 Rc7  0-1

[Event "Haifa"]
[Site "Haifa"]
[Date "1995.??.??"]
[Round "11"]
[White "Greenfeld, Alon"]
[Black "Milov, Vadim"]
[Result "1/2-1/2"]
[WhiteElo "2580"]
[BlackElo "2580"]

1.Nf3 Nf6 2.c4 g6 3.g3 Bg7 4.Bg2 O-O 5.O-O d6 6.d4 Nc6 7.Nc3 a6 8.h3 Rb8
9.Be3 b5 10.Nd2 Bd7 11.cxb5 axb5 12.Rc1 e6 13.Nde4 Nxe4 14.Nxe4 Ne7 15.Rc2 f5
16.Ng5 Nd5 17.Bd2 c6  1/2-1/2

[Event "Isle of Man op"]
[Site "Isle of Man"]
[Date "1995.??.??"]
[Round "2"]
[White "Milov, Vadim"]
[Black "De Coverly, Roger"]
[Result "1-0"]
[WhiteElo "2570"]
[BlackElo "2105"]

1.e4 e5 2.Nf3 Nc6 3.d4 exd4 4.Nxd4 Qf6 5.Nf5 d5 6.Qxd5 Be6 7.Qd2 Rd8 8.Qg5 Bxf5
9.exf5 Rd5 10.Qxf6 Nxf6 11.Be2 Nd4 12.Bd3 Re5+ 13.Kf1 Bc5 14.Bf4 Rd5 15.Nc3 Rd7
16.h3 O-O 17.g4 Bd6 18.Be3 c5 19.Kg2 Bb8 20.Rad1 a6 21.Bg5 Nd5 22.Nxd5 Rxd5
23.c3 Nc6 24.Bc4 Rxd1 25.Rxd1 h6 26.Be3 Rc8 27.Be2 Ba7 28.Rd7 b5 29.Bf3 Bb6
30.Rb7 Bd8 31.Bd5 Ne7 32.Be4 Kf8 33.f6 gxf6 34.Bxh6+ Kg8 35.Be3 Kg7 36.h4 f5
37.gxf5 f6 38.Bf4 Kf7 39.Ra7 a5 40.Bd5+ Kf8 41.Be6 Rc6 42.Bh6+  1-0

[Event "Isle of Man op"]
[Site "Isle of Man"]
[Date "1995.??.??"]
[Round "3"]
[White "Khenkin, Igor"]
[Black "Milov, Vadim"]
[Result "1/2-1/2"]
[WhiteElo "2555"]
[BlackElo "2570"]

1.d4 Nf6 2.c4 c5 3.d5 e5 4.Nc3 d6 5.e4 g6 6.g3 Bg7 7.Bg2 O-O 8.Nf3 a6 9.a4 Bg4
10.h3 Bxf3 11.Qxf3 Nbd7 12.h4 h5 13.Bh3 Qa5 14.O-O Kh7 15.Bg5 Qc7 16.Kg2 Ng8
17.g4 Ndf6 18.Rh1 Nxg4 19.Bxg4 hxg4 20.Qxg4 Qc8 21.Qg3 f6 22.Bd2 Bh6 23.h5 g5
24.f3 Qd7 25.Rad1 f5 26.exf5 Rxf5 27.Ne4 Nf6 28.Qe1 Rxf3 29.Nxf6+ Rxf6 30.Qe4+ Kh8
31.Rdf1 Raf8 32.Rxf6 Rxf6 33.Rf1 Rxf1 34.Kxf1 Qf7+ 35.Ke1 Qxh5 36.Qf5 Bg7
37.Bxg5 e4 38.Qc8+ Kh7 39.Qf5+ Qg6 40.Qh3+ Kg8 41.Qc8+ Bf8 42.Qe6+ Kg7 43.Qd7+ Kh8
44.Qh3+  1/2-1/2

[Event "Isle of Man op"]
[Site "Isle of Man"]
[Date "1995.??.??"]
[Round "4"]
[White "Milov, Vadim"]
[Black "Arakhamia, Ketevan"]
[Result "1-0"]
[WhiteElo "2570"]
[BlackElo "2420"]

1.e4 c5 2.g3 d5 3.exd5 Qxd5 4.Nf3 Bg4 5.Bg2 Qe6+ 6.Kf1 Nc6 7.h3 Bh5 8.d3 Qd7
9.Na3 e6 10.Nc4 Nf6 11.g4 Bg6 12.Nfe5 Nxe5 13.Nxe5 Qc7 14.Bf4 Bd6 15.Nxg6 hxg6
16.Bxd6 Qxd6 17.Bxb7 Rb8 18.Qf3 O-O 19.b3 Nd7 20.Re1 Qc7 21.Ba6 Qa5 22.Bc4 Qxa2
23.h4 Nb6 24.Re2 Nxc4 25.dxc4 Qa1+ 26.Kg2 Qf6 27.h5 Qxf3+ 28.Kxf3 gxh5 29.Rxh5 Rfc8
30.Rh1 Kf8 31.Ra1 Rc7 32.Ra5 Ke7 33.Re1 Rd8 34.Rea1 Rdd7 35.Ke3 g5 36.Rb5 Rd8
37.Raa5 Rdc8 38.f3 Kf6 39.Ke4 Ke7 40.Ke5 f6+ 41.Ke4 Kf7 42.Ke3 Ke7 43.Ra1 Rd8
44.Rba5 Rdd7 45.Rh1 Kf8 46.Ra6 Re7 47.Rd1 Kf7 48.Ke4 Rc8 49.Rd2 Rcc7 50.Rd8 Kg6
51.Rdd6 Kf7 52.Rac6 Rb7 53.Rxc5 Rb8 54.Ra5  1-0

[Event "Isle of Man op"]
[Site "Isle of Man"]
[Date "1995.??.??"]
[Round "4"]
[White "Hebden, Mark"]
[Black "Milov, Vadim"]
[Result "0-1"]
[WhiteElo "2570"]
[BlackElo "2570"]

1.d4 d5 2.Nc3 Nf6 3.Bg5 c5 4.Bxf6 gxf6 5.e4 dxe4 6.d5 f5 7.Qh5 Bg7 8.Nge2 Qb6
9.O-O-O Qh6+ 10.Qxh6 Bxh6+ 11.Kb1 Nd7 12.Ng3 Nf6 13.f3 e3 14.Bb5+ Kf8 15.Rhe1 Rg8
16.Nf1 f4 17.g3 Bh3 18.Ne2 Nh5 19.d6 e6 20.gxf4 Bxf1 21.Rxf1 Nxf4 22.Nc3 a6
23.Bd3 f5 24.Rfe1 Ng2 25.Rg1 Rd8 26.Bc4 Kf7 27.a4 Bf4 28.d7 Ke7 29.a5 Bd6
30.Na4 Nh4 31.Rxg8 Rxg8 32.f4 Nf3 33.Ka2 Nd2 34.b3 Kxd7 35.Re1 Nxc4 36.bxc4 Bxf4
37.Nxc5+ Kd6 38.Nd3 e5 39.Rb1 Kc7 40.Kb3 Bxh2  0-1

[Event "Isle of Man op"]
[Site "Isle of Man"]
[Date "1995.??.??"]
[Round "6"]
[White "Milov, Vadim"]
[Black "Ryan, Joseph"]
[Result "1-0"]
[WhiteElo "2570"]
[BlackElo "2210"]

1.e4 d5 2.exd5 Qxd5 3.Nc3 Qa5 4.d4 c6 5.Nf3 Nf6 6.Ne5 Bf5 7.g4 Be6 8.Bd2 Qb6
9.g5 Nd5 10.Ne2 Nd7 11.Nxd7 Bxd7 12.c4 Nb4 13.Bc3 Bf5 14.c5 Qb5 15.Nf4 Nc2+
16.Kd2 Qa4 17.Bd3 e5 18.b3 Qa3 19.Qxc2 Bxd3 20.Nxd3 O-O-O 21.Rae1 Bxc5 22.dxc5 Qxc5
23.Kc1 Qa3+ 24.Kb1 f6 25.Rhg1 Rd5 26.gxf6 gxf6 27.Bb4 Qa6 28.Nc5 Qb5 29.Rg7  1-0

[Event "Lenk op"]
[Site "Lenk"]
[Date "1995.??.??"]
[Round "2"]
[White "Milov, Vadim"]
[Black "Preziuso, Toni"]
[Result "1-0"]
[WhiteElo "2570"]
[BlackElo "2200"]

1.e4 e5 2.Nf3 Nc6 3.d4 exd4 4.Nxd4 Bb4+ 5.c3 Be7 6.Bc4 Nf6 7.Nxc6 dxc6 8.Qxd8+ Bxd8
9.f3 Nd7 10.Bf4 Nc5 11.Nd2 b5 12.Be2 a5 13.b3 O-O 14.g4 Re8 15.h4 Bf6 16.Rc1 Ne6
17.Be3 Be5 18.Kf2 Rd8 19.Rhd1 Bd7 20.Nb1 Be8 21.Rxd8 Rxd8 22.Rd1 Ra8 23.g5 Kf8
24.Bf1 Bd6 25.Bh3 Nf4 26.Bg4 Ng6 27.h5 Ne5 28.Bf5 g6 29.hxg6 hxg6 30.Bh3 a4
31.f4 axb3 32.axb3 Ra2+ 33.Rd2 Nd3+ 34.Kg3 Ra1 35.Rxd3 Rxb1 36.b4 Rb3 37.Bf1 Ra3
38.Kf3 Ra1 39.Bh3 Ra3 40.Ke2 Ra2+ 41.Rd2 Ra3 42.Rc2 Be7 43.Bg4 Ra1 44.Bd4 Bd6
45.Ke3  1-0

[Event "Lenk op"]
[Site "Lenk"]
[Date "1995.??.??"]
[Round "3"]
[White "Suetin, Alexey S"]
[Black "Milov, Vadim"]
[Result "1/2-1/2"]
[WhiteElo "2445"]
[BlackElo "2570"]

1.Nf3 d5 2.d4 Nf6 3.c4 c6 4.cxd5 cxd5 5.Nc3 Nc6 6.Bf4 Bf5 7.e3 e6 8.Bd3 Bxd3
9.Qxd3 Be7 10.O-O O-O 11.h3 Rc8 12.Rac1 Nd7 13.Qb5 Qb6  1/2-1/2

[Event "Lenk op"]
[Site "Lenk"]
[Date "1995.??.??"]
[Round "4"]
[White "Milov, Vadim"]
[Black "Mikavica, Mirko"]
[Result "1/2-1/2"]
[WhiteElo "2570"]
[BlackElo "2270"]

1.e4 c5 2.Nf3 d6 3.d4 cxd4 4.Nxd4 Nf6 5.Nc3 a6 6.Bg5 e6 7.Qf3 Be7 8.O-O-O Qc7
9.Qg3 Nbd7 10.Be2 b5 11.Bxb5 axb5 12.Ndxb5 Qb8 13.Nxd6+ Bxd6 14.Qxd6 Qxd6
15.Rxd6 h6 16.Bd2 Ke7 17.Rd4 e5 18.Rb4 Nc5 19.Rb5 Kd6 20.f3 Bd7 21.Rb6+ Kc7
22.Rb4 Be6 23.b3 Kc6 24.Be3 Rhb8 25.Rxb8 Rxb8 26.Rd1 Nfd7 27.a4 Nb6 28.Bxc5 Kxc5
29.Nb5 Bd7 30.Nc7 Kc6 31.Na6 Ra8 32.Nb4+ Kb7 33.Nd3 f6 34.Nc5+ Kc7 35.Kb2 Kc6
36.Nd3 Be6 37.Nb4+ Kc5 38.c3 h5 39.Nd3+ Kc6 40.Nb4+ Kc5 41.Nd3+ Kc6  1/2-1/2

[Event "Lenk op"]
[Site "Lenk"]
[Date "1995.??.??"]
[Round "5"]
[White "Gerber, Richard"]
[Black "Milov, Vadim"]
[Result "1/2-1/2"]
[WhiteElo "2375"]
[BlackElo "2570"]

1.d4 Nf6 2.c4 c5 3.d5 b5 4.cxb5 a6 5.bxa6 g6 6.Nc3 Bxa6 7.e4 Bxf1 8.Kxf1 d6
9.g3 Bg7 10.Kg2 O-O 11.Nf3 Qb6 12.Re1 Na6 13.Re2 Nb4 14.Bg5 h6 15.Be3 Qa6
16.h3 Qc4 17.Qd2 Kh7 18.b3 Qd3 19.Qxd3 Nxd3 20.Rd1 Nb4 21.a4 Nd7 22.Nb5 c4
23.bxc4 Rxa4 24.Bd4 Bxd4 25.Nbxd4 Nb6 26.Rc1 Rc8 27.h4 Rxc4 28.Rxc4 Nxc4
29.h5 Ra2 30.Rxa2 Nxa2 31.Nc6 Nc3 32.Nxe7 Nxe4 33.hxg6+  1/2-1/2

[Event "Liechtenstein op"]
[Site "Liechtenstein"]
[Date "1995.??.??"]
[Round "3"]
[White "Milov, Vadim"]
[Black "Grooten, Herman"]
[Result "1-0"]
[WhiteElo "2570"]
[BlackElo "2340"]

1.d4 Nf6 2.c4 e6 3.Nc3 Bb4 4.e3 c5 5.Bd3 Nc6 6.Nf3 Bxc3+ 7.bxc3 d6 8.e4 e5
9.d5 Ne7 10.Nh4 h6 11.f4 Ng6 12.Nxg6 fxg6 13.O-O O-O 14.Rb1 Qa5 15.Qc2 b6
16.f5 Bd7 17.h3 Qa4 18.Qb3 gxf5 19.exf5 Qa6 20.Qc2 Rae8 21.Be2 Qa4 22.Qd3 Rf7
23.Rb3 Qa6 24.g4 e4 25.Qe3 Qc8 26.Bd2 b5 27.Be1 bxc4 28.Bxc4 Qa8 29.Bg3 Nxd5
30.Qe2 Kh8 31.Bxd6 Qc6 32.Bg3 Rf6 33.Rd1 Nb6 34.Bb5 Qc8 35.Bxd7 Nxd7 36.c4 Rb6
37.Rxb6 axb6 38.Rd6 Qb7 39.g5 e3 40.f6 Ne5 41.fxg7+ Kg8 42.Bxe5 Rxe5 43.Rd8+ Kxg7
44.gxh6+ Kf6 45.Qf1+ Kg6 46.Rg8+ Kxh6 47.Qf6+  1-0

[Event "Liechtenstein op"]
[Site "Liechtenstein"]
[Date "1995.??.??"]
[Round "8"]
[White "Milov, Vadim"]
[Black "Mohandesi, Shahin"]
[Result "1-0"]
[WhiteElo "2570"]
[BlackElo "2320"]

1.d4 Nf6 2.c4 g6 3.Nc3 d5 4.Nf3 Bg7 5.Qb3 dxc4 6.Qxc4 O-O 7.e4 Nc6 8.Be2 Bg4
9.d5 Bxf3 10.gxf3 Na5 11.Qd3 b6 12.Be3 e6 13.f4 exd5 14.e5 Ne8 15.Qxd5 Qxd5
16.Nxd5 c5 17.O-O-O h5 18.Ne7+ Kh7 19.Rd7 Bh6 20.Bf3 Rb8 21.Be4 Ng7 22.e6 f5
23.Bd5 a6 24.Rg1 Rf6 25.b4 cxb4 26.Bd4 Bxf4+ 27.Kb1 Rbf8 28.Nxf5 Rxf5  1-0

[Event "Biel SKA"]
[Site "Biel"]
[Date "1996.??.??"]
[Round "1"]
[White "Romanishin, Oleg M"]
[Black "Milov, Vadim"]
[Result "0-1"]
[WhiteElo "2555"]
[BlackElo "2565"]

1.d4 Nf6 2.Nf3 g6 3.c4 Bg7 4.Nc3 O-O 5.g3 d6 6.Bg2 Nc6 7.O-O a6 8.b3 Rb8
9.Nd5 Nh5 10.Bb2 e6 11.Nc3 b5 12.cxb5 axb5 13.Rc1 Ba6 14.Qd2 b4 15.Nb1 Ne7
16.Ne1 c5 17.dxc5 dxc5 18.Bxg7 Nxg7 19.Nd3 Bxd3 20.Qxd3 Qxd3 21.exd3 Rb5
22.Nd2 Ra5 23.Ne4 Ngf5 24.Nxc5 Rxa2 25.Rc4 Rb8 26.Nd7 Rb5 27.Rc7 h5 28.Rb1 Rba5
29.Be4 Ra7 30.Rxa7 Rxa7 31.Ne5 Nd4 32.Nc4 Ra2 33.Kf1 Kg7 34.h4 Ng8 35.Ke1 Nf6
36.Nd2 Ng4  0-1

[Event "Biel SKA"]
[Site "Biel"]
[Date "1996.??.??"]
[Round "2"]
[White "Milov, Vadim"]
[Black "Lautier, Joel"]
[Result "1-0"]
[WhiteElo "2565"]
[BlackElo "2620"]

1.d4 Nf6 2.c4 e6 3.Nc3 Bb4 4.e3 O-O 5.Bd3 d5 6.a3 Bxc3+ 7.bxc3 dxc4 8.Bxc4 c5
9.Bb2 Qa5 10.Nf3 cxd4 11.exd4 b6 12.a4 Ba6 13.Nd2 Rc8 14.Bxa6 Qxa6 15.c4 Nbd7
16.O-O Qa5 17.Re1 Rc7 18.Re3 Rac8 19.Rb3 Ne8 20.Rb5 Qa6 21.Ba3 Ndf6 22.Qb3 Rd7
23.Nf3 Ne4 24.c5 bxc5 25.dxc5 Rdc7 26.Qe3 N8f6 27.Ne5 Rd8 28.Qb3 Nd5 29.Qc4 Rcc8
30.Qxe4 Nc3 31.Qf3 Nxb5 32.axb5 Qxb5 33.Qxf7+ Kh8 34.Qxe6  1-0

[Event "Biel SKA"]
[Site "Biel"]
[Date "1996.??.??"]
[Round "4"]
[White "Milov, Vadim"]
[Black "Andersson, Ulf"]
[Result "0-1"]
[WhiteElo "2565"]
[BlackElo "2640"]

1.d4 e6 2.c4 Nf6 3.Nc3 Bb4 4.e3 c5 5.Bd3 Nc6 6.Ne2 d5 7.cxd5 Nxd5 8.a3 cxd4
9.exd4 Bd6 10.Bc2 Bd7 11.Ne4 Be7 12.O-O O-O 13.Qd3 g6 14.Bh6 Re8 15.Rad1 Rc8
16.Bb3 a6 17.Qg3 Nf6 18.N2c3 Qb6 19.Qf3 Nxe4 20.Nxe4 Nxd4 21.Rxd4 Qxd4 22.Rd1 Qxb2
23.Rxd7 Red8 24.Rxd8+ Rxd8 25.g3 Qb1+ 26.Kg2 Qd3 27.Nf6+ Kh8 28.Qxb7 Bxf6
29.Qxf7 Qe4+ 30.Kh3 Qf5+ 31.Kg2 Bd4 32.Bxe6 Qxf7 33.Bxf7 Rc8 34.f4 Rc3 35.a4 Ra3
36.Be8 Ra2+ 37.Kh1 Rc2 38.Bd7 Bg7 39.Bg5 Kg8 40.f5 Be5 41.fxg6 hxg6 42.Bh3 Kf7
43.Bf1 a5 44.Bd3 Rb2 45.Bc4+ Kg7 46.Bd8 Bc3 47.Bb5 Kf7 48.Bc4+ Ke8 49.Bg5 Kd7
50.Bf4 Ke7 51.Bb5 Kf6 52.Bc7 Rd2 53.Bf4 Ra2 54.Bc7 Kf5 55.Bd7+ Ke4 56.Bc6+ Ke3
57.Bf4+ Kf2 58.h4 Re2 59.Kh2 Be5 60.Bxe5 Rxe5 61.g4 Re3 62.g5 Re6 63.Bd7 Rd6
64.Be8 Kf3 65.h5 gxh5 66.Bxh5+ Kf4 67.Be8 Kxg5 68.Kg3 Rf6 69.Bb5 Rf5 70.Bc6 Rf6
71.Be8 Kh6 72.Kg4 Kg7 73.Bd7 Rf2 74.Kg3 Rf7 75.Be8 Rf6 76.Kg4 Kf8 77.Bb5 Ke7
78.Kg3 Kd6 79.Kg4 Kc5 80.Kg3 Kb4 81.Kg4 Rf2  0-1

[Event "Biel SKA"]
[Site "Biel"]
[Date "1996.??.??"]
[Round "5"]
[White "Glek, Igor V"]
[Black "Milov, Vadim"]
[Result "0-1"]
[WhiteElo "2670"]
[BlackElo "2565"]

1.e4 c5 2.Nf3 Nc6 3.Bb5 e6 4.O-O Nge7 5.Re1 Nd4 6.Nxd4 cxd4 7.d3 a6 8.Ba4 Nc6
9.Nd2 b5 10.Bb3 g6 11.Nf3 Bg7 12.Bg5 Qc7 13.Rc1 O-O 14.Qd2 a5 15.a4 b4 16.Bh6 Ba6
17.Bxg7 Kxg7 18.c3 Qd6 19.c4 Qc5 20.e5 f6 21.exf6+ Rxf6 22.Ng5 Rf5 23.Ne4 Qe7
24.Ng3 Rf7 25.Re4 Raf8 26.f3 Bb7 27.Rce1 Qc5 28.Bd1 e5 29.Qg5 d6 30.Rh4 Nd8
31.Qh6+ Kg8 32.Ne4 Bxe4 33.fxe4 Re8 34.Bg4 Qc7 35.Rh3 Nb7 36.b3 Nc5 37.Bd1 Ref8
38.Rg3 Rf4 39.h3 Qg7 40.Qxg7+ Kxg7 41.Rf3 Rxf3 42.gxf3 Nxd3 43.Rf1 g5 44.Kg2 Rf4
45.Be2 Nc5 46.Rb1 Kf6 47.Rb2 h5 48.Bd1 g4  0-1

[Event "Biel SKA"]
[Site "Biel"]
[Date "1996.??.??"]
[Round "6"]
[White "Milov, Vadim"]
[Black "Onischuk, Alexander"]
[Result "1/2-1/2"]
[WhiteElo "2565"]
[BlackElo "2605"]

1.d4 Nf6 2.c4 e6 3.Nc3 Bb4 4.e3 c5 5.Bd3 d5 6.cxd5 Nxd5 7.Ne2 cxd4 8.exd4 Nc6
9.a3 Be7 10.Bc2 O-O 11.Qd3 g6 12.h4 Nxc3 13.bxc3 e5 14.Qd2 exd4 15.cxd4 Bf6
16.Bb2 Re8 17.Kf1 Be6 18.Rd1 Qb6 19.Bc3 Bc4 20.Bd3 Qa6 21.h5 Bxd3 22.Qxd3 Qxd3
23.Rxd3 Rad8 24.hxg6 fxg6 25.d5 Ne5 26.Rd1 Rd7 27.Rh3 Rc8 28.Rg3 Kf7 29.Re3 Ng4
30.Rh3 h5 31.Bxf6 Kxf6 32.Rf3+ Ke5 33.Rfd3 Kf6 34.Nc3 Ne5 35.Re3 Nc4 36.Ne4+ Kg7
37.Rc3 b5 38.d6 Re8 39.f3 Re5 40.Rd4 Kf7 41.Kf2 g5 42.g3 Rf5 43.Kg2 Ke8 44.Rd1 g4
45.f4 Kd8 46.a4  1/2-1/2

[Event "Biel SKA"]
[Site "Biel"]
[Date "1996.??.??"]
[Round "7"]
[White "Tukmakov, Vladimir B"]
[Black "Milov, Vadim"]
[Result "1/2-1/2"]
[WhiteElo "2580"]
[BlackElo "2565"]

1.d4 Nf6 2.Nf3 g6 3.c4 Bg7 4.g3 O-O 5.Bg2 Nc6 6.O-O a6 7.Nc3 Rb8 8.e4 d6
9.h3 b5 10.cxb5 axb5 11.Qc2 Bd7 12.Rd1 Na5 13.e5 Ne8 14.Bf4 c6 15.Qe2 Nb7
16.d5 b4 17.dxc6 Bxc6 18.Ne4 Bxe4 19.Qxe4 Nc5 20.Qc4 Ne6 21.Be3 Qa5 22.Rd5 Qa4
23.b3 Qa3 24.Bc1 Qa7 25.a4 bxa3 26.Rxa3 Qc7 27.Be3 dxe5 28.Ra7 Qxc4 29.bxc4 Nd6
30.Nxe5 Bxe5 31.Rxe5 Nxc4 32.Re4 Nd6 33.Re5 Nf5 34.Bd2 Rb1+ 35.Re1 Rxe1+
36.Bxe1 Rc8 37.Bb4 Rc7 38.Rxc7 Nxc7 39.g4 Nd6 40.Kh2 f6 41.Kg3 Kf7 42.Bc6 Ndb5
43.f4 Nd4 44.Be4 e6 45.Bc5 Nb3 46.Ba3 Nd2 47.Bd3 f5 48.gxf5 exf5 49.Bc1 Ne4+
50.Kf3 Nd6 51.Bb1 Ke6 52.Ba2+ Nd5 53.Bb2 Ne4 54.Be5 g5 55.Bg7 Kd6 56.Be5+ Kc5
57.fxg5 Nxg5+ 58.Kg3 Nf7 59.Bb2 Kd6 60.Ba3+ Ke6 61.Bb2 Ne5 62.Bxd5+ Kxd5
63.Kf4  1/2-1/2

[Event "Biel SKA"]
[Site "Biel"]
[Date "1996.??.??"]
[Round "8"]
[White "Milov, Vadim"]
[Black "Ehlvest, Jaan"]
[Result "1/2-1/2"]
[WhiteElo "2565"]
[BlackElo "2660"]

1.d4 g6 2.e4 d6 3.Nc3 Bg7 4.g3 c6 5.a4 d5 6.e5 f6 7.f4 Nh6 8.Nf3 Bg4 9.Bg2 fxe5
10.dxe5 Nf5 11.Ne2 e6 12.h3 Bxf3 13.Bxf3 a5 14.O-O Bf8 15.Kg2  1/2-1/2

[Event "Biel SKA"]
[Site "Biel"]
[Date "1996.??.??"]
[Round "9"]
[White "Karpov, Anatoly"]
[Black "Milov, Vadim"]
[Result "1/2-1/2"]
[WhiteElo "2775"]
[BlackElo "2565"]

1.d4 Nf6 2.c4 g6 3.Nc3 Bg7 4.e4 d6 5.Nf3 O-O 6.Be2 e5 7.O-O Na6 8.Re1 Qe8
9.Bg5 Bg4 10.h3 Bxf3 11.Bxf3 exd4 12.Qxd4 Nd7 13.Qd2 Ne5 14.Be2 Nc5 15.Bf1 Ne6
16.Be3 c5 17.Rad1 Rd8 18.Nd5 Nc6 19.f4 Ned4 20.Bf2 Qd7 21.Bh4 f6 22.b4 b6
23.b5 Ne7 24.Nxe7+ Qxe7 25.f5 gxf5 26.Bd3 Qf7 27.exf5 d5 28.Qc3 Kh8 29.Bf2 dxc4
30.Bxc4 Qd7 31.Bxd4 cxd4 32.Qd3 Bh6 33.Kh1 Bf4 34.Be6 Qg7 35.Re4 Be5 36.Kg1 Rde8
37.Rc1 Re7 38.Rc2 Rd8 39.Kf1 Rc7 40.Rc6 Qh6 41.Ke2 Rg7 42.g4 Qh4 43.Qf3 h5
44.Kd3 hxg4 45.Rxg4 Rxg4 46.hxg4 Kg7 47.Rc1 Qg3 48.Qxg3 Bxg3 49.Rc4 Kh6 50.Ra4 Bb8  1/2-1/2

[Event "Biel SKA"]
[Site "Biel"]
[Date "1996.??.??"]
[Round "11"]
[White "Milov, Vadim"]
[Black "Miles, Anthony J"]
[Result "1-0"]
[WhiteElo "2565"]
[BlackElo "2630"]

1.d4 e6 2.c4 b6 3.Nc3 Bb7 4.a3 g6 5.Nf3 Bg7 6.e4 Ne7 7.Be3 f5 8.e5 h6 9.h4 d6
10.exd6 cxd6 11.Bf4 a6 12.Be2 Ra7 13.O-O g5 14.hxg5 Ng6 15.Bg3 hxg5 16.Re1 g4
17.Bd3 Kf7 18.d5 Bxc3 19.dxe6+ Kg8 20.Bxf5 gxf3 21.Bxg6 fxg2 22.Bf7+ Kg7
23.Qg4+ Kf8 24.f3 Bc8 25.bxc3 Rxf7 26.Qd4 Qf6 27.Bxd6+  1-0

[Event "Buenos Aires Najdorf"]
[Site "Buenos Aires"]
[Date "1996.??.??"]
[Round "1"]
[White "Milov, Vadim"]
[Black "Spangenberg, Hugo"]
[Result "0-1"]
[WhiteElo "2585"]
[BlackElo "2505"]

1.d4 d5 2.c4 dxc4 3.e3 Nf6 4.Bxc4 e6 5.Nf3 a6 6.a4 c5 7.O-O Nc6 8.Qe2 cxd4
9.Rd1 Be7 10.exd4 O-O 11.Nc3 Nd5 12.Qe4 Ncb4 13.Ne5 b6 14.Nc6 Nxc6 15.Nxd5 Ra7
16.Nf4 Nb4 17.Be3 Rd7 18.Nxe6 fxe6 19.Bxe6+ Kh8 20.d5 Bd6 21.Rac1 Rc7 22.g3 Rxc1
23.Rxc1 Bb7 24.h4 Qf6 25.Bd4 Qg6 26.Qxg6 hxg6 27.Bxb6 Bxd5 28.Bxd5 Nxd5 29.Rc6 Nxb6
30.Rxd6 Rf6 31.Rd8+ Kh7 32.b3 Rc6 33.Kg2 Rc3 34.Rd6 Rxb3 35.a5 Nc4 36.Rxa6 Rb5
37.Rc6 Nxa5 38.Rc8 Rb2 39.g4 Rb4 40.Kg3 Nc4 41.f3 Nd6 42.Rd8 Rd4 43.Rf8 Nc4
44.Rc8 Ne5 45.Re8 Nd3 46.Rf8 Rd6 47.Re8 Rf6 48.Re3 Nc5 49.Re8 Nd7 50.Re7 Nf8
51.Re5 Kg8 52.f4 Re6 53.Rxe6 Nxe6 54.Kf3 Nc5 55.Ke3 Kf7 56.Kd4 Nd7  0-1

[Event "Buenos Aires Najdorf"]
[Site "Buenos Aires"]
[Date "1996.??.??"]
[Round "2"]
[White "Sorin, Ariel"]
[Black "Milov, Vadim"]
[Result "0-1"]
[WhiteElo "2505"]
[BlackElo "2585"]

1.d4 Nf6 2.c4 g6 3.Nc3 Bg7 4.e4 d6 5.Be2 O-O 6.Bg5 c6 7.Qd2 a6 8.Nf3 b5 9.e5 dxe5
10.dxe5 Qxd2+ 11.Nxd2 Ng4 12.Bxe7 Re8 13.Bh4 Bxe5 14.h3 Nh6 15.g4 f5 16.f3 Nd7
17.Bf2 Bf4 18.Rd1 Ne5 19.Kf1 Be6 20.cxb5 axb5 21.b3 Red8 22.Ndb1 b4 23.Na4 Rxd1+
24.Bxd1 Bd5 25.gxf5 Nxf5 26.Kg2 Nd3 27.Bc2 Nxf2 28.Kxf2 Be3+ 29.Kg2 Nh4+
30.Kg3 Nxf3 31.Rd1 Nd4 32.Bd3 Rf8 33.Rf1 Rxf1 34.Bxf1 Be4 35.Nbc3 bxc3 36.Nxc3 Nf5+
37.Kh2 Bc2 38.Bg2 Nd4  0-1

[Event "Buenos Aires Najdorf"]
[Site "Buenos Aires"]
[Date "1996.??.??"]
[Round "4"]
[White "Zarnicki, Pablo"]
[Black "Milov, Vadim"]
[Result "1-0"]
[WhiteElo "2545"]
[BlackElo "2585"]

1.e4 c5 2.Nf3 e6 3.d4 cxd4 4.Nxd4 a6 5.Nc3 Qc7 6.Bd3 Nc6 7.Be3 b5 8.O-O Bb7
9.Qe2 Nf6 10.Nxc6 Qxc6 11.a3 Rc8 12.f4 h5 13.e5 Ng4 14.Be4 Qc7 15.Bxb7 Qxb7
16.Kh1 Rc4 17.h3 Nxe3 18.Qxe3 Be7 19.Rad1 g5 20.f5 g4 21.h4 Bc5 22.Qg5 Be7
23.Qe3 Bc5 24.Qd2 g3 25.Rf4 Rg8 26.Ne4 Be7 27.f6 Rxe4 28.Rxe4 Bc5 29.b4 Bf8
30.c4 d6 31.Rd4 Rg4 32.Rxd6  1-0

[Event "Buenos Aires Najdorf"]
[Site "Buenos Aires"]
[Date "1996.??.??"]
[Round "5"]
[White "Milov, Vadim"]
[Black "Magem Badals, Jorge"]
[Result "1/2-1/2"]
[WhiteElo "2585"]
[BlackElo "2565"]

1.d4 d5 2.c4 dxc4 3.e3 Nf6 4.Bxc4 e6 5.Nf3 c5 6.O-O a6 7.a4 Nc6 8.Qe2 cxd4
9.Rd1 Be7 10.exd4 O-O 11.Nc3 Nd5 12.Bd3 Ncb4 13.Bb1 b6 14.a5 bxa5 15.Ne5 Bb7
16.Ne4 Nf6 17.Nc5 Qd5 18.Nxb7 Qxb7 19.Rxa5 Rfd8 20.Ra3 Qb5 21.Kf1 Rab8 22.Rc3 Qxe2+
23.Kxe2 Nfd5 24.Rh3 g6 25.Rf3 f6 26.Nd3 Nxd3 27.Bxd3 a5 28.Bc4 Rdc8 29.b3 a4
30.Bf4 Ra8 31.Bxd5  1/2-1/2

[Event "Buenos Aires Najdorf"]
[Site "Buenos Aires"]
[Date "1996.??.??"]
[Round "8"]
[White "Milov, Vadim"]
[Black "Ricardi, Pablo"]
[Result "1-0"]
[WhiteElo "2585"]
[BlackElo "2555"]

1.d4 Nf6 2.c4 e6 3.Nc3 Bb4 4.f3 d5 5.a3 Be7 6.e4 dxc4 7.Be3 O-O 8.Bxc4 Nbd7
9.Nge2 c5 10.O-O a6 11.e5 Ne8 12.f4 Nc7 13.dxc5 Nxc5 14.b4 b5 15.Bxb5 axb5
16.Bxc5 Bxc5+ 17.bxc5 Bb7 18.Qxd8 Rfxd8 19.Rfd1 Na6 20.Nxb5 Nxc5 21.Rxd8+ Rxd8
22.Nd6 Ba6 23.Nd4 h6 24.Nc6 Ra8 25.a4 g5 26.fxg5 hxg5 27.a5 Kg7 28.Rc1 Nd3
29.Rb1 Nc5 30.Rb8 Rxb8 31.Nxb8 Bd3 32.Nc6 f6 33.Nb4 Bg6 34.a6 Nd7 35.a7 Nb6
36.Na6 Na8 37.Nb5 Be4 38.Nbc7 Nb6 39.Nc5 Bc6 40.N5xe6+  1-0

[Event "Buenos Aires Najdorf"]
[Site "Buenos Aires"]
[Date "1996.??.??"]
[Round "9"]
[White "Slipak, Sergio"]
[Black "Milov, Vadim"]
[Result "0-1"]
[WhiteElo "2535"]
[BlackElo "2585"]

1.d4 Nf6 2.Nf3 g6 3.c4 Bg7 4.g3 O-O 5.Bg2 d6 6.Nc3 Nc6 7.O-O a6 8.b3 Rb8
9.e3 b5 10.Nd2 Bg4 11.Ne2 Na5 12.h3 Bd7 13.Qc2 c5 14.dxc5 dxc5 15.Ba3 bxc4
16.bxc4 Qc8 17.Kh2 Bc6 18.e4 Rd8 19.Rad1 Nd7 20.Nf4 e6 21.Nd3 Nb6 22.Nxc5 Rxd2
23.Qxd2 Naxc4 24.Qb4 Bf8 25.Rc1 Bb5 26.Rfd1 Nxa3 27.Qxa3 Na4 28.Rd4 Nxc5
29.Qa5 Qb7 30.e5 Qa7 31.Rd8 Kg7 32.Qd2 Be7 33.Rd4 Rc8 34.Qe3 Rc7 35.a4 Nxa4
36.Rcd1 Nb2 37.Rb1 Nc4 38.Qf4 Qc5 39.Re1 Na3 40.Red1 Nc2 41.R4d2 Qb4 42.Be4 Rc4
43.f3 g5  0-1